000 02112nam0a2200421 4500
001 RU\NLR\bibl\881294
005 20260409074914.0
010 _a5-88161-158-6
_9500
021 _aRU
_b2005-45241
_92225
035 _a(nilc)RSL-KNO-002686904
035 _a(NLR Aleph) 000869861
090 _a1592681
_c1592681
100 _a20050712d2005 |||y0rusy50 ca
101 0 _arus
102 _aRU
105 _ay |||||||||
106 _ar
200 1 _aВоенная история в именах московских улиц
_e[справочник]
_fЮ. В. Старшов
210 _aМ.
_cЭкслибрис-Пресс
_d2005
_gИзд-во МСХА
215 _a103 с.
_d20
320 _aБиблиогр.: с. 100-102 (62 назв.)
606 1 _aРусский язык
_xТопонимика
_yМосква, город
_92080847
_3RU\NLR\auth\661256799
607 _aРоссия
_xВоенная история
_jСправочники
_3RU\NLR\auth\661367545
_92282711
607 _aМосква, город
_xУлицы
_xИстория
_3RU\NLR\auth\66726810
_91643123
610 0 _aФилологические науки. Художественная литература -- Языкознание -- Индоевропейские языки -- Славянские языки -- Восточнославянские языки -- Русский язык -- Лексикология -- Словарный состав языка -- Топонимика. Этнонимика. Ономастика
610 0 _aИстория. Исторические науки -- Россия -- Москва -- Неадминистративные территории -- Справочное издание
686 _aШ141.2-314,0
_2rubbk
686 _aТ3(2-2М3)я2
_2rubbk
686 _aТ3(2-2М)
686 _aЦ35(2)я2
686 _aШ141.12-314
700 1 _aСтаршов
_bЮ. В.
_gЮрий Викторович
_4070
801 0 _aRU
_bRuMoRKP
_c20050712
_grcr
801 1 _aRU
_bRuMoRGB
_c20050712
801 2 _aRU
_bNLR
_c20051130
_grcr
942 _cBOOK
980 _aNB